000 00541nam a2200169Ia 4500
008 140321s9999 xx 000 0 und d
020 _a9788184872156
050 _aQA 300
_b.An532 2013
245 _aAnalysis and its applications /
_cedited by : Rais Ahmad,Qamrul Hasan Ansari and Mohammad Imdad.
260 _aNew Delhi :
_bNarosa Publishing House,
_cc2013.
300 _a191 p. :
_c25 cm.
500 _aIncludes bibliographical references.
521 _aEDUC
650 _aMathematical analysis.
942 _kFOR
_cBK
999 _c48636
_d48636